Evocación de Xande

Guardat en:
Dades bibliogràfiques
Autor principal: Centeno, Fernando
Format: Llibre
Idioma:Undetermined
Publicat: San José, Costa Rica Ediciones del Repertorio Americano 1950
Matèries:
Etiquetes: Afegir etiqueta
Sense etiquetes, Sigues el primer a etiquetar aquest registre!

MARC

LEADER 00000nam a2200000Ia 4500
008 170316s9999 xx 000 0 und d
040 |a cru BVZT 
090 |a 868 C-14ev 
100 |a Centeno, Fernando  |9 530 
245 |a Evocación de Xande  |c / Fernando Centeno 
260 |a San José, Costa Rica  |b Ediciones del Repertorio Americano  |c 1950 
300 |a 64 páginas 
650 |a LITERATURA COSTARRICENSE  |9 17 
999 |c 10792  |d 10792 
942 |c 15 D  |h 868 C-14ev  |2 z